000 00623nam a2200229Ia 4500
003 OSt
005 20220928145736.0
006 a|||||r|||| 00| 0
007 ta
008 220927b |||||||| |||| 00| 0 eng d
024 _a83002
037 _cTextual
040 _aSDCL
_cSDCL
_beng
041 _2eng
_aeng
082 _aX:513-8.5'N7, L6
100 _aKennedy Sherril H
_9491128
245 0 _aManaging the advertising process
260 _c1976
700 _a Corkindale David R
_9491127
942 _hX:513-8.5'N7, L6
_cTEXL
_2CC
999 _c835420
_d835420